Catálogo

Vida líquida / (Registro nro. 24662)

Detalles MARC
000 -LEADER
fixed length control field 01361cam a2200373 i 4500
001 - CONTROL NUMBER
control field 24662
003 - CONTROL NUMBER IDENTIFIER
control field Mx-PuUPA
005 - DATE AND TIME OF LATEST TRANSACTION
control field 20251022143645.0
008 - FIXED-LENGTH DATA ELEMENTS--GENERAL INFORMATION
fixed length control field 140415s2013 mx gr 001 0 spa d
020 ## - INTERNATIONAL STANDARD BOOK NUMBER
International Standard Book Number 9786079202590
040 ## - CATALOGING SOURCE
Original cataloging agency Mx-PuUPA
Language of cataloging spa
Transcribing agency Mx-PuUPA
Modifying agency Mx-PuUPA
Description conventions rda
041 1# - LANGUAGE CODE
Language code of text/sound track or separate title spa
Language code of original eng
100 1# - MAIN ENTRY--PERSONAL NAME
Personal name Bauman, Zygmunt,
Dates associated with a name 1925-2017
9 (RLIN) 6292
Relator term autor
240 10 - UNIFORM TITLE
Uniform title Liquid Life.
Language of a work Español
245 10 - TITLE STATEMENT
Title Vida líquida /
Statement of responsibility, etc. Zygmunt Bauman ; traducción, Albino Santos Mosquera
250 ## - EDITION STATEMENT
Edition statement Primera edición /
Remainder of edition statement impresa en México en esta presentación
264 #1 - PRODUCTION, PUBLICATION, DISTRIBUTION, MANUFACTURE, AND COPYRIGHT NOTICE
Place of production, publication, distribution, manufacture México D.F. :
Name of producer, publisher, distributor, manufacturer Paidós,
Date of production, publication, distribution, manufacture, or copyright notice 2013
300 ## - PHYSICAL DESCRIPTION
Extent 206 páginas ;
Dimensions 23 cm
336 ## - CONTENT TYPE
Fuente rdacontent
Content type term texto
Content type code txt
337 ## - MEDIA TYPE
Source rdamedia
Media type term sin medio
Media type code n
338 ## - CARRIER TYPE
Source rdacarrier
Carrier type term volumen
Carrier type code nc
490 0# - SERIES STATEMENT
Series statement Padiós Estado y Sociedad ;
Volume/sequential designation 143
650 #7 - SUBJECT ADDED ENTRY--TOPICAL TERM
Source of heading or term armarc
Topical term or geographic name entry element Posmodernismo
General subdivision Aspectos sociales
650 #7 - SUBJECT ADDED ENTRY--TOPICAL TERM
Source of heading or term armarc
Topical term or geographic name entry element Cambio social
650 #7 - SUBJECT ADDED ENTRY--TOPICAL TERM
Source of heading or term armarc
Topical term or geographic name entry element Individualismo
650 #7 - SUBJECT ADDED ENTRY--TOPICAL TERM
Source of heading or term armarc
Topical term or geographic name entry element Civilización
Chronological subdivision Siglo XXI
650 #7 - SUBJECT ADDED ENTRY--TOPICAL TERM
Source of heading or term armarc
Topical term or geographic name entry element Consumo (Economía)
700 1# - ADDED ENTRY--PERSONAL NAME
Personal name Santos Mosquera, Albino,
Relator term traductor
765 1# - ORIGINAL LANGUAGE ENTRY
Main entry heading Bauman, Zygmunt
Title Liquid life
Place, publisher, and date of publication Cambridge, RU : Polity Press, 2005
942 ## - ADDED ENTRY ELEMENTS (KOHA)
Source of classification or shelving scheme Dewey Decimal Classification
Koha item type Libro
Classification part 306.09045
Item part B3318
Existencias
Withdrawn status Lost status Source of classification or shelving scheme Damaged status Not for loan Collection code Home library Current library Shelving location Date acquired Source of acquisition Cost, normal purchase price Total Checkouts Full call number Barcode Date last seen Cost, replacement price Price effective from Koha item type
    Dewey Decimal Classification     General Biblioteca Karol Wojtyla Biblioteca Karol Wojtyla Sala general 03/12/2013 Donación 0.00   306.09045 B3318 2013 46058 09/03/2026 0.00 03/12/2013 Libro